LDR 01040naa#a2200193#i#450# 001 RU\\bibl\126627 005 20260703180048.5 011 ## _a2587-6740 100 ## _a20260615b2026####ek#y0rusy0150####ca 102 ## _aRU 200 1# _aСовершенствование инструментов оценки вклада биоэкономики в социально-экономическое развитие регионов РФ _eЖурнальная статья 210 1# _aМосква _cЭлектронная наука _d2026 215 ## _a3 с. 608 ## _aЖурнальная статья _2local 675 ## _aВнешнеторговая политика. Инструменты внешнеторговой политики например,. 339.54 _aЭкономические сравнения, сопоставления. 338.001.36 _z 700 #1 _aАнопченко _gТатьяна Юрьевна 700 #1 _aРевунов _gСергей Вадимович 700 #1 _aРевунов _gРоман Вадимович 856 4# _aqje.su _u